01631nam a2200397Ia 4500001001200000003000800012006001900020007001500039008004100054010001700095020001500112020001800127020001800145040002100163035002100184050002400205082002600229100004100255245018000296246004400476260005300520300004100573490002200614500002000636533015200656600004700808610003900855650005200894650004600946655002900992700002901021710001701050830002301067856012601090999001701216ebr10715407CaPaEBRm o u cr cn|||||||||040913r20041945miuac s s001 0beng d z 2004006227 z081433184X z9780814331842 z9780814336045 aCaPaEBRcCaPaEBR a(OCoLC)84994471314aTL140.C5bL6 2004eb04a338.7/6292/092aB2221 aLong, J. C.q(John Cuthbert),d1892-10aRoy D. Chapinh[electronic resource] :bthe man behind the Hudson Motor Car Company /cJ.C. Long ; with an introduction by Charles K. Hyde ; foreword by William Ruxton Chapin.3 aMan behind the Hudson Motor Car Company aDetroit :bWayne State University Press,cc2004. axix, 269 p., [72] p. :bill., ports.1 aGreat Lakes books aIncludes index. aElectronic reproduction.bPalo Alto, Calif. :cebrary,d2013.nAvailable via World Wide Web.nAccess may be limited to ebrary affiliated libraries.10aChapin, Roy D.q(Roy Dikeman),d1880-1936.20aHudson Motor Car CompanyxHistory. 0aAutomobile engineerszUnited StatesvBiography. 0aIndustrialistszUnited StatesvBiography. 7aElectronic books.2local1 aHyde, Charles K.,d1945-2 aebrary, Inc. 0aGreat Lakes books.40uhttp://site.ebrary.com/lib/rucke/Doc?id=10715407zAn electronic book accessible through the World Wide Web; click to view c40872d40872